[Event "Leipzig VfB op 25th"]
[Site "Leipzig"]
[Date "2018.03.25"]
[Round "9"]
[White "John, Tom"]
[Black "Krongraf, Henryk"]
[Result "1-0"]
[WhiteElo "1914"]
[BlackElo "1740"]
[PlyCount "55"]
[EventDate "2018.03.20"]
[EventType "swiss"]
[EventRounds "9"]
[EventCountry "GER"]
[SourceTitle "CBM 183 Extra"]
[Source "ChessBase"]
[SourceDate "2018.04.19"]
[SourceVersion "1"]
[SourceVersionDate "2018.04.19"]
[SourceQuality "1"]

1. e4 d6 2. d4 Nf6 3. Nc3 g6 4. Bg5 Bg7 5. Qd2 c6 6. 0-0-0 b5 7. Bh6 Bxh6 8. Qxh6 b4 9. e5 bxc3 10. exf6 cxb2+ 11. Kb1 exf6 12. Qg7 Rf8 13. d5 Bf5 14. Nf3 Kd7 15. dxc6+ Nxc6 16. Bb5 Kc7 17. Bxc6 Kxc6 18. Nd4+ Kb7 19. Nxf5 gxf5 20. Qxh7 Qd7 21. Qh4 Qd8 22. Qb4+ Kc6 23. Qc4+ Kb6 24. Rd3 Rb8 25. Rb3+ Ka5 26. Ra3+ Kb6 27. Ra6+ Kb7 28. Qc6# 1-0

[Event "Leipzig VfB op 25th"]
[Site "Leipzig"]
[Date "2018.03.24"]
[Round "8"]
[White "Didt, Hartmut"]
[Black "John, Tom"]
[Result "0-1"]
[WhiteElo "1789"]
[BlackElo "1914"]
[PlyCount "32"]
[EventDate "2018.03.20"]
[EventType "swiss"]
[EventRounds "9"]
[EventCountry "GER"]
[SourceTitle "CBM 183 Extra"]
[Source "ChessBase"]
[SourceDate "2018.04.19"]
[SourceVersion "1"]
[SourceVersionDate "2018.04.19"]
[SourceQuality "1"]

1. e4 e5 2. Nf3 Nc6 3. c3 f5 4. exf5 Nf6 5. Bc4 d5 6. Bb5 Bd6 7. 0-0 0-0 8. d3 Bxf5 9. Bg5 Qe8 10. Re1 Qh5 11. Nbd2 e4 12. dxe4 Nxe4 13. Be2 Nxg5 14. Ne5 Qh6 15. Ndf3 Nxf3+ 16. Bxf3 Nxe5 0-1